000 00356nam a2200133Ia 4500
008 220217s9999||||xx |||||||||||||| ||und||
020 _a81-280-0631-2
082 _a658 MAN
100 _aMani, Alice
_97110
245 0 _aManagement accounting
260 _aSapna book house
_bBangalore
_c2009
300 _aVI,434p,;25cm
_b140
650 _aMANAGEMENT
999 _c180572
_d180572